[Event "23rd EUR-ch"]
[Site "Vrnjacka Banja SRB"]
[Date "2023.03.04"]
[Round "2.141"]
[White "Nemec, Jachym"]
[Black "Goriachkina, Oksana"]
[Result "1-0"]
[WhiteElo "2371"]
[BlackElo "1759"]
[EventDate "2023.03.03"]
[PlyCount "111"]

1.c4 c6 2.d4 d5 3.Nf3 Nf6 4.Qb3 dxc4 5.Qxc4 Bf5 6.g3 e6 7.Bg2 Nbd7 8.O-O 
Be7 9.e3 O-O 10.Rd1 Rc8 11.Qe2 b5 12.Ne1 Be4 13.f3 Bg6 14.e4 Qb6 15.a4 a6 
16.Nc3 b4 17.a5 Qb7 18.Na4 Qb5 19.Bf1 Qxa5 20.Be3 Qb5 21.Qg2 Qb7 22.Nd3 a5
23.Rdc1 Ra8 24.g4 Rfc8 25.h4 h5 26.g5 Ne8 27.Nf4 Nf8 28.b3 Bd6 29.Ra2 Bxf4
30.Bxf4 Nd7 31.Qc2 Qa7 32.Qf2 Nb6 33.Nc5 Nc7 34.Bd2 Qb8 35.f4 Rd8 36.Bg2 
Bh7 37.Nd3 Nb5 38.Ne5 Rc8 39.Nxc6 Qb7 40.d5 exd5 41.exd5 Kf8 42.f5 Nd6 43.
Be3 Nd7 44.Bh3 Re8 45.Bd4 Nb5 46.f6 Nxd4 47.fxg7+ Kg8 48.Qxd4 Re4 49.Qf2 
Rae8 50.Rd2 Re3 51.Bg2 Qa6 52.d6 Re2 53.Ne7+ R2xe7 54.dxe7 Ne5 55.Rd8 Qb5 
56.Rcc8 1-0

[Event "23rd EUR-ch"]
[Site "Vrnjacka Banja SRB"]
[Date "2023.03.04"]
[Round "2.142"]
[White "Ioannidis, Evgenios"]
[Black "Shadyev, Damir"]
[Result "1-0"]
[WhiteElo "2473"]
[BlackElo "1712"]
[EventDate "2023.03.03"]
[PlyCount "61"]

1.c4 Nf6 2.Nc3 g6 3.e4 d6 4.d4 Bg7 5.Be2 O-O 6.Bg5 c5 7.d5 a6 8.Qd2 Re8 9.
h3 Qc7 10.Nf3 Nbd7 11.O-O e6 12.Rae1 exd5 13.exd5 Ne5 14.Nh4 b6 15.f4 Ned7
16.f5 Bb7 17.Rf4 b5 18.cxb5 axb5 19.Nxb5 Qb6 20.Nc3 Ra5 21.fxg6 hxg6 22.
Ref1 c4+ 23.Kh1 Bxd5 24.Bxf6 Nxf6 25.Rxf6 Bxf6 26.Nxd5 Rxd5 27.Qxd5 Rxe2 
28.Rxf6 Re1+ 29.Kh2 Qg1+ 30.Kg3 Re3+ 31.Nf3 1-0

[Event "23rd EUR-ch"]
[Site "Vrnjacka Banja SRB"]
[Date "2023.03.04"]
[Round "2.143"]
[White "Gikas, Andreas Basilius"]
[Black "Socko, Bartosz"]
[Result "0-1"]
[WhiteElo "2157"]
[BlackElo "2618"]
[EventDate "2023.03.03"]
[PlyCount "54"]

1.e4 e6 2.d4 d5 3.Nc3 Bb4 4.e5 c5 5.Qg4 Ne7 6.dxc5 Nbc6 7.Bd2 O-O 8.Nf3 f6
9.exf6 Rxf6 10.O-O-O e5 11.Qh5 Bf5 12.Bg5 Bxc3 13.Bxf6 gxf6 14.bxc3 Qa5 
15.Nh4 Be6 16.Rd3 Rf8 17.Rg3+ Kh8 18.Qh6 Rf7 19.Be2 Qxa2 20.Kd2 Na5 21.Rd1
Nb3+ 22.Ke1 Qxc2 23.Bd3 Qxc3+ 24.Kf1 Qd4 25.Bc2 Qc4+ 26.Bd3 Qf4 27.Qxf4 
exf4 0-1

[Event "23rd EUR-ch"]
[Site "Vrnjacka Banja SRB"]
[Date "2023.03.04"]
[Round "2.144"]
[White "Bauer, Thomas"]
[Black "Sokolovsky, Yahli"]
[Result "1/2-1/2"]
[WhiteElo "2151"]
[BlackElo "2476"]
[EventDate "2023.03.03"]
[PlyCount "32"]

1.e4 e5 2.d4 exd4 3.Qxd4 Nc6 4.Qe3 g6 5.Nc3 Bg7 6.Bd2 d6 7.O-O-O Nf6 8.Be1
Ng4 9.Qg3 h5 10.f4 h4 11.Qd3 Qf6 12.h3 Nh6 13.Qe3 Be6 14.Nf3 Ng8 15.Bb5 
Kf8 16.Rf1 Rh5 1/2-1/2

[Event "23rd EUR-ch"]
[Site "Vrnjacka Banja SRB"]
[Date "2023.03.04"]
[Round "2.145"]
[White "Sedlak, Nikola"]
[Black "Manko, Mariia"]
[Result "0-1"]
[WhiteElo "2450"]
[BlackElo "2159"]
[EventDate "2023.03.03"]
[PlyCount "78"]

1.d4 Nf6 2.Nf3 g6 3.b3 c5 4.dxc5 Bg7 5.Bb2 Qa5+ 6.Nbd2 O-O 7.e3 Qxc5 8.c4 
Nc6 9.Be2 d5 10.Rc1 Bf5 11.O-O Rfd8 12.a3 a5 13.cxd5 Qxd5 14.Bc4 Qd6 15.
Re1 Ng4 16.Bxg7 Kxg7 17.e4 Bc8 18.Bd5 Nce5 19.h3 e6 20.hxg4 exd5 21.Nxe5 
Qxe5 22.Nc4 Qg5 23.Qd4+ Kg8 24.exd5 Bxg4 25.f4 Rxd5 26.Qe4 Qd8 27.Ne3 Rd4 
28.Qe5 Qb6 29.Kh2 Be6 30.Rc3 Qd6 31.Qxd6 Rxd6 32.Rb1 Rad8 33.b4 Rd3 34.
Rxd3 Rxd3 35.Nc2 a4 36.b5 Rb3 37.Re1 Rxb5 38.Nd4 Rb6 39.Re5 Bb3 0-1

[Event "23rd EUR-ch"]
[Site "Vrnjacka Banja SRB"]
[Date "2023.03.04"]
[Round "2.146"]
[White "Bulmaga, Irina"]
[Black "Stoinev, Metodi"]
[Result "1-0"]
[WhiteElo "2438"]
[BlackElo "2159"]
[EventDate "2023.03.03"]
[PlyCount "59"]

1.e4 e5 2.Nf3 Nc6 3.Bc4 Nf6 4.d4 exd4 5.e5 d5 6.Bb5 Nd7 7.Bxc6 bxc6 8.Nxd4
Nb8 9.O-O c5 10.Nb5 Ba6 11.c4 c6 12.Nd6+ Bxd6 13.exd6 O-O 14.Bf4 Bxc4 15.
Re1 Nd7 16.Nd2 Bd3 17.Re7 Re8 18.Qf3 Bg6 19.Rae1 Rxe7 20.dxe7 Qe8 21.Bd6 
f6 22.Nb3 c4 23.Nd4 Rc8 24.Ne6 Ne5 25.Bxe5 Qxe7 26.Bc3 Re8 27.Qd1 Qd6 28.
Nd4 c5 29.Rxe8+ Bxe8 30.Nf5 1-0

[Event "23rd EUR-ch"]
[Site "Vrnjacka Banja SRB"]
[Date "2023.03.04"]
[Round "2.149"]
[White "Ben Ari, Yannay"]
[Black "Srdanovic, Jovana"]
[Result "1-0"]
[WhiteElo "2411"]
[BlackElo "2146"]
[EventDate "2023.03.03"]
[PlyCount "79"]

1.e4 c5 2.Nf3 e6 3.d4 cxd4 4.Nxd4 a6 5.c4 Nf6 6.Nc3 d6 7.Be2 Be7 8.Be3 O-O
9.Qd2 Qc7 10.g4 Nc6 11.g5 Nd7 12.Nc2 Na5 13.b3 b6 14.Rc1 Bb7 15.Nd4 Qd8 
16.h4 Nc6 17.Nc2 Nc5 18.b4 Nd7 19.a3 Rc8 20.f4 Re8 21.h5 Bf8 22.O-O f6 23.
g6 h6 24.Bd3 f5 25.exf5 Qh4 26.Be4 Nf6 27.Bf3 exf5 28.Qg2 Ng4 29.Bxb6 Qxh5
30.Ne3 Kh8 31.Nxg4 fxg4 32.Qxg4 Qxg4+ 33.Bxg4 Ra8 34.Bf3 Re6 35.f5 Re5 36.
Ba5 Rae8 37.b5 axb5 38.cxb5 Nd8 39.Bxb7 Nxb7 40.Bb4 1-0

[Event "23rd EUR-ch"]
[Site "Vrnjacka Banja SRB"]
[Date "2023.03.04"]
[Round "2.150"]
[White "Petrovic, Dragan R."]
[Black "Damjanovic, Vuk"]
[Result "0-1"]
[WhiteElo "2141"]
[BlackElo "2361"]
[EventDate "2023.03.03"]
[PlyCount "70"]

1.e4 g6 2.d4 Bg7 3.Nc3 d6 4.Nf3 a6 5.a4 Nc6 6.h3 Nf6 7.d5 Nb8 8.Be2 O-O 9.
O-O e5 10.dxe6 Bxe6 11.Bg5 h6 12.Bh4 Nc6 13.Re1 Re8 14.Qd2 g5 15.Bg3 Nd7 
16.h4 Nde5 17.hxg5 Nxf3+ 18.Bxf3 hxg5 19.Nd5 Be5 20.Bxe5 Nxe5 21.Bh5 Bxd5 
22.exd5 Qf6 23.Be2 Re7 24.Qb4 Rae8 25.Bf1 Ng4 26.Qxg4 Rxe1 27.Rxe1 Rxe1 
28.Qc8+ Kg7 29.Qxb7 Qd4 30.Qxa6 Qxb2 31.Qc4 Rc1 32.Qg4 Qe5 33.Qc4 Rd1 34.
Qxc7 Qe2 35.Qc3+ f6 0-1

[Event "23rd EUR-ch"]
[Site "Vrnjacka Banja SRB"]
[Date "2023.03.04"]
[Round "2.151"]
[White "Hagner, Bennet"]
[Black "Sitbon, Itay"]
[Result "1/2-1/2"]
[WhiteElo "2361"]
[BlackElo "2144"]
[EventDate "2023.03.03"]
[PlyCount "108"]

1.e4 c5 2.Nf3 Nc6 3.d4 cxd4 4.Nxd4 g6 5.Nc3 Bg7 6.Be3 Nf6 7.Bc4 O-O 8.Bb3 
a5 9.O-O a4 10.Nxa4 Nxe4 11.Nb5 d5 12.Bb6 Qd7 13.Qe2 Ne5 14.Rad1 e6 15.Bd4
Qc6 16.f3 Bd7 17.Na7 Rxa7 18.Bxa7 b5 19.Nb6 Qc7 20.Nxd7 Qxa7+ 21.Kh1 Nc3 
22.bxc3 Nxd7 23.Qxb5 Bxc3 24.Rb1 Rc8 25.Rfd1 Nc5 26.a4 Qc7 27.Qe2 Qa5 28.
Qe3 Nd7 29.Qg5 Kg7 30.Qe7 Nc5 31.Rdc1 h6 32.Rd1 Qa6 33.Qh4 Qa5 34.Qf4 h5 
35.Qe3 Nd7 36.Qg5 Nf6 37.Rd3 Nd7 38.Qe7 Nc5 39.Rdd1 Qa6 40.Qh4 Qa5 41.Qf4 
Kg8 42.Qe3 Nd7 43.Qe2 Nc5 44.Qf2 Kg7 45.Qf1 Qc7 46.Qb5 Qf4 47.Qf1 h4 48.h3
Be5 49.Qg1 Nd7 50.Re1 Bd6 51.Rbd1 Nf6 52.Rd4 Qg3 53.Red1 Rc3 54.a5 Nh5 
1/2-1/2

[Event "23rd EUR-ch"]
[Site "Vrnjacka Banja SRB"]
[Date "2023.03.04"]
[Round "2.152"]
[White "Medancic, Rikard"]
[Black "Szwed, Jacek"]
[Result "0-1"]
[WhiteElo "2139"]
[BlackElo "2361"]
[EventDate "2023.03.03"]
[PlyCount "43"]

1.d4 c5 2.d5 g6 3.e4 Bg7 4.Nf3 d6 5.h3 Nf6 6.Nc3 O-O 7.Be2 e6 8.O-O exd5 
9.exd5 Re8 10.Bg5 h6 11.Be3 Kh7 12.Re1 Na6 13.Qd2 Nc7 14.Bf4 a6 15.a4 b6 
16.Bc4 Rb8 17.Rxe8 Nfxe8 18.Re1 b5 19.axb5 axb5 20.Bf1 Nf6 21.Ne4 Ncxd5 
22.Nxf6+ 0-1

[Event "23rd EUR-ch"]
[Site "Vrnjacka Banja SRB"]
[Date "2023.03.04"]
[Round "2.153"]
[White "Samani, Yamac"]
[Black "Lorscheid, Gerhard"]
[Result "1-0"]
[WhiteElo "2357"]
[BlackElo "2140"]
[EventDate "2023.03.03"]
[PlyCount "49"]

1.e4 d6 2.d4 Nf6 3.Nc3 e5 4.Nge2 Be7 5.h3 O-O 6.g4 exd4 7.Qxd4 Nc6 8.Qd1 
Be6 9.Bg2 Bc4 10.g5 Nd7 11.f4 Re8 12.O-O Bf8 13.b3 Ba6 14.Bb2 Nb6 15.Re1 
d5 16.exd5 Nb4 17.a3 Bxe2 18.Rxe2 Rxe2 19.Qxe2 N4xd5 20.Nxd5 Nxd5 21.Qe5 
c6 22.Rd1 Rc8 23.f5 Ne7 24.Be4 c5 25.f6 1-0

[Event "23rd EUR-ch"]
[Site "Vrnjacka Banja SRB"]
[Date "2023.03.04"]
[Round "2.154"]
[White "Nikolaidis, Konstantinos"]
[Black "Novkovic, Milan"]
[Result "0-1"]
[WhiteElo "2133"]
[BlackElo "2356"]
[EventDate "2023.03.03"]
[PlyCount "105"]

1.e4 c6 2.d4 d5 3.e5 Bf5 4.Nf3 e6 5.Be2 Ne7 6.O-O Nd7 7.Be3 Bg6 8.Nh4 c5 
9.c3 Nc6 10.g3 Qb6 11.Qd2 Be7 12.Nxg6 hxg6 13.f4 O-O-O 14.Kg2 Kb8 15.Na3 
cxd4 16.cxd4 Bxa3 17.bxa3 Qa5 18.Qb2 Nb6 19.Rab1 Rd7 20.Bd2 Qa4 21.Bb5 
Qxd4 22.Qxd4 Nxd4 23.Bxd7 Nxd7 24.Rfc1 Rc8 25.Rxc8+ Kxc8 26.Be3 Nc6 27.Rc1
Kd8 28.h4 Na5 29.Bd4 Nc4 30.Rc3 b6 31.g4 Nb8 32.h5 gxh5 33.gxh5 Nc6 34.Bf2
Ke8 35.Bh4 Kf8 36.Re3 Nd4 37.Bf6 Nf5 38.Bxg7+ Kg8 39.Rg3 Kh7 40.Bf6 d4 41.
Kf2 d3 42.Rg1 Kh6 43.Kf3 d2 44.Ke2 Kxh5 45.Kf3 Nd4+ 46.Ke4 Nc2 47.Kf3 Ne1+
48.Ke2 b5 49.Be7 Ng2 50.Rxg2 d1=Q+ 51.Kxd1 Ne3+ 52.Ke2 Nxg2 53.Kf3 0-1

[Event "23rd EUR-ch"]
[Site "Vrnjacka Banja SRB"]
[Date "2023.03.04"]
[Round "2.155"]
[White "Tadic, Stefan"]
[Black "Lazic, Ljubisa"]
[Result "1-0"]
[WhiteElo "2353"]
[BlackElo "2138"]
[EventDate "2023.03.03"]
[PlyCount "71"]

1.e4 c6 2.d4 d6 3.Nc3 Nf6 4.f4 Bg4 5.Nf3 d5 6.e5 Ne4 7.Bd3 Nxc3 8.bxc3 e6 
9.h3 Bxf3 10.Qxf3 g6 11.g4 h5 12.Be3 c5 13.f5 gxf5 14.gxf5 Nc6 15.fxe6 
fxe6 16.Rb1 Rb8 17.O-O Kd7 18.Kh1 Kc7 19.Qf7+ Qd7 20.Qxd7+ Kxd7 21.Rf7+ 
Be7 22.Bg5 c4 23.Bg6 b6 24.h4 Rbg8 25.Bh7 Rf8 26.Rg7 Kd8 27.a4 Rf3 28.a5 
Rhf8 29.axb6 axb6 30.Bg8 Bxg5 31.hxg5 Rf1+ 32.Rxf1 Rxf1+ 33.Kg2 Rd1 34.
Bxe6 Rd2+ 35.Kf1 Ne7 36.g6 1-0

[Event "23rd EUR-ch"]
[Site "Vrnjacka Banja SRB"]
[Date "2023.03.04"]
[Round "2.156"]
[White "Bashylina, Luisa"]
[Black "Filip, Lucian-Ioan"]
[Result "1/2-1/2"]
[WhiteElo "2127"]
[BlackElo "2349"]
[EventDate "2023.03.03"]
[PlyCount "77"]

1.d4 Nf6 2.c4 g6 3.Nc3 Bg7 4.e4 d6 5.h3 O-O 6.Be3 c5 7.d5 b5 8.cxb5 a6 9.
a4 Qa5 10.Bd2 axb5 11.Bxb5 Ba6 12.Nge2 Nbd7 13.O-O Ne5 14.Qc2 Rfb8 15.f4 
Ned7 16.Bc6 Bb7 17.Nb5 Qb6 18.Bxb7 Qxb7 19.Bc3 Nb6 20.b3 Rc8 21.Qb2 c4 22.
Nxd6 exd6 23.Bxf6 c3 24.Bxc3 Rxc3 25.Nxc3 Nxa4 26.Qa3 Bxc3 27.bxa4 Qb6+ 
28.Kh1 Bxa1 29.Rxa1 Qd4 30.a5 Ra6 31.Qa4 Qb2 32.e5 Kg7 33.e6 fxe6 34.dxe6 
Kf6 35.Re1 Qc3 36.Qe4 d5 37.Qe2 Ke7 38.Qf2 Rxa5 39.Qh4+ 1/2-1/2

[Event "23rd EUR-ch"]
[Site "Vrnjacka Banja SRB"]
[Date "2023.03.04"]
[Round "2.157"]
[White "Demir, Baran"]
[Black "Danov, Liubomir"]
[Result "0-1"]
[WhiteElo "2122"]
[BlackElo "2349"]
[EventDate "2023.03.03"]
[PlyCount "112"]

1.Nf3 d6 2.d4 g6 3.b3 Bg7 4.Bb2 c5 5.e3 cxd4 6.Nxd4 Nf6 7.c4 O-O 8.Be2 Nc6
9.O-O Nxd4 10.Qxd4 Bd7 11.Bf3 Bc6 12.Bxc6 bxc6 13.Nc3 Qa5 14.Ne4 Ne8 15.
Bc3 Bxd4 16.Bxa5 Bxa1 17.Rxa1 f5 18.Ng5 Nf6 19.Ne6 Rfc8 20.Rd1 h6 21.f3 c5
22.Nc7 Rab8 23.Nb5 Rb7 24.Nc3 Rc6 25.Na4 Nd7 26.h4 Ra6 27.Bd2 Rxa4 28.bxa4
Rb2 29.e4 fxe4 30.fxe4 h5 31.Bc3 Rc2 32.Rd3 Re2 33.Rg3 Kf7 34.Rf3+ Ke8 35.
Rg3 Rxe4 36.Rxg6 Rxh4 37.Rg8+ Kf7 38.Ra8 Rxc4 39.Rxa7 Rxc3 40.Rxd7 Ra3 41.
Ra7 Rxa2 42.a5 c4 43.a6 c3 44.Rc7 Rxa6 45.Rxc3 Ra5 46.Rc7 Rf5 47.Kh2 d5 
48.Kg3 Ke6 49.Rc6+ Ke5 50.Rc5 Ke4 51.Rc7 e5 52.Rc1 Kd4 53.Rd1+ Kc5 54.Rc1+
Kd6 55.Kh4 d4 56.Rc8 e4 0-1

[Event "23rd EUR-ch"]
[Site "Vrnjacka Banja SRB"]
[Date "2023.03.04"]
[Round "2.158"]
[White "Milosevic, Milos"]
[Black "Jovanovic, Sasa T."]
[Result "1-0"]
[WhiteElo "2347"]
[BlackElo "2130"]
[EventDate "2023.03.03"]
[PlyCount "35"]

1.e4 c5 2.Nc3 d6 3.d4 cxd4 4.Qxd4 Nc6 5.Qd2 g6 6.b3 Bg7 7.Bb2 Nf6 8.O-O-O 
O-O 9.f3 Qa5 10.g4 Rd8 11.Kb1 h5 12.g5 Ne8 13.f4 e6 14.Nf3 Nc7 15.a3 a6 
16.b4 Qb6 17.Bd3 Rb8 18.Na4 1-0

[Event "23rd EUR-ch"]
[Site "Vrnjacka Banja SRB"]
[Date "2023.03.04"]
[Round "2.159"]
[White "Gkavardinas, Antonios"]
[Black "Nyysti, Sampsa"]
[Result "0-1"]
[WhiteElo "2121"]
[BlackElo "2345"]
[EventDate "2023.03.03"]
[PlyCount "80"]

1.e4 c5 2.Nf3 e6 3.b3 b6 4.Bb2 Bb7 5.Nc3 Nc6 6.d4 cxd4 7.Nxd4 Qc7 8.a3 Nf6
9.Nxc6 Bxc6 10.Bd3 Bd6 11.Qe2 Be5 12.O-O-O Bb7 13.Nb5 Bxb2+ 14.Kxb2 Qe5+ 
15.c3 a6 16.Nd4 O-O 17.g3 Rfc8 18.f4 Qc5 19.Qc2 d5 20.e5 Ne4 21.Bxe4 dxe4 
22.Rhe1 b5 23.b4 Qb6 24.Nb3 Bd5 25.Rd4 g6 26.g4 Ra7 27.Qd2 Rac7 28.Re3 Qb8
29.Rh3 Rc4 30.Qf2 Rxd4 31.Nxd4 g5 32.Rh5 Qc7 33.Rxg5+ Kf8 34.Ne2 Qc4 35.
Qe3 Qa2+ 36.Kc1 Qa1+ 37.Kd2 Bc4 38.Nd4 Bd3 39.Rh5 Qxc3+ 40.Kd1 Qa1+ 0-1

[Event "23rd EUR-ch"]
[Site "Vrnjacka Banja SRB"]
[Date "2023.03.04"]
[Round "2.160"]
[White "Atakishiyev, Elmar"]
[Black "Korelsky, Egor"]
[Result "1-0"]
[WhiteElo "2344"]
[BlackElo "2127"]
[EventDate "2023.03.03"]
[PlyCount "67"]

1.d4 d5 2.c4 e6 3.Nf3 c6 4.e3 f5 5.Be2 Nf6 6.O-O Bd6 7.b3 Qe7 8.a4 a5 9.
Ba3 O-O 10.Bxd6 Qxd6 11.Nc3 Nbd7 12.Rc1 Ne4 13.Bd3 b6 14.Ne2 Bb7 15.Nf4 
Rac8 16.Qe2 Rfe8 17.Qb2 Qf8 18.Be2 Nd6 19.Rfd1 Nf7 20.Nd3 g5 21.c5 g4 22.
Nfe1 b5 23.axb5 cxb5 24.Nf4 Bc6 25.Ra1 Ra8 26.Ra2 Nd8 27.Rda1 Nb7 28.Ned3 
Rad8 29.h3 gxh3 30.Nxh3 Qg7 31.Nhf4 Re7 32.Bf3 b4 33.Rc1 Rc8 34.Qd2 1-0

[Event "23rd EUR-ch"]
[Site "Vrnjacka Banja SRB"]
[Date "2023.03.04"]
[Round "2.161"]
[White "Janjic, Stefan"]
[Black "Bashirli, Nail"]
[Result "1/2-1/2"]
[WhiteElo "2115"]
[BlackElo "2343"]
[EventDate "2023.03.03"]
[PlyCount "65"]

1.d4 Nf6 2.Nf3 e6 3.c4 b6 4.g3 Ba6 5.b3 Bb4+ 6.Bd2 Be7 7.Nc3 d5 8.cxd5 
exd5 9.Bg2 O-O 10.Ne5 Bb7 11.O-O Nbd7 12.Bg5 Re8 13.Nxd7 Qxd7 14.Rc1 Rad8 
15.Qd3 a6 16.Na4 Ne4 17.Bxe7 Rxe7 18.Rc2 h5 19.Rfc1 Qd6 20.Qf3 g6 21.Qf4 
Qxf4 22.gxf4 Rdd7 23.e3 Kf8 24.Nb2 c6 25.Nd3 f6 26.Bxe4 Rxe4 27.h4 Ree7 
28.a4 Rd6 29.a5 b5 30.Nc5 Bc8 31.Nd3 Rc7 32.b4 Ke7 33.Kg2 1/2-1/2

[Event "23rd EUR-ch"]
[Site "Vrnjacka Banja SRB"]
[Date "2023.03.04"]
[Round "2.162"]
[White "Korkmaz, Necmettin"]
[Black "Van Foreest, Machteld"]
[Result "1/2-1/2"]
[WhiteElo "2106"]
[BlackElo "2341"]
[EventDate "2023.03.03"]
[PlyCount "53"]

1.e4 c5 2.Nf3 e6 3.c3 Nf6 4.e5 Nd5 5.g3 Nc6 6.Bg2 d6 7.exd6 Qxd6 8.O-O Be7
9.d4 O-O 10.dxc5 Qxc5 11.Nbd2 Rd8 12.Qe2 Bd7 13.Nb3 Qb6 14.c4 Qa6 15.Bd2 
Rac8 16.Rfc1 Be8 17.a3 Nb6 18.Be3 Qa4 19.Nc5 Bxc5 20.Bxc5 Na5 21.Bxb6 axb6
22.Nd2 Bc6 23.b4 Rxd2 24.Qxd2 Nb3 25.Bxc6 Qxc6 26.Qb2 Nxa1 27.Qxa1 1/2-1/2

[Event "23rd EUR-ch"]
[Site "Vrnjacka Banja SRB"]
[Date "2023.03.04"]
[Round "2.163"]
[White "Fitzsimons, David"]
[Black "Giacomini, Hector"]
[Result "1-0"]
[WhiteElo "2338"]
[BlackElo "2121"]
[EventDate "2023.03.03"]
[PlyCount "99"]

1.e4 c6 2.d4 d5 3.e5 c5 4.Nf3 cxd4 5.Qxd4 Nc6 6.Qf4 e6 7.Bd3 Nb4 8.Bd2 
Nxd3+ 9.cxd3 Ne7 10.Nc3 Ng6 11.Qg3 Bd7 12.h4 h5 13.Ne2 Be7 14.Nf4 Nxf4 15.
Bxf4 g6 16.O-O O-O 17.Bh6 Re8 18.Ng5 Bf8 19.Qf4 Qe7 20.Bxf8 Rxf8 21.Nf3 
Kg7 22.Rac1 Rac8 23.Kh2 Bb5 24.Qd4 b6 25.a3 Qd7 26.Kg3 Rxc1 27.Rxc1 Rc8 
28.Rc3 Qb7 29.Ng5 Rxc3 30.Qxc3 Qd7 31.Nf3 Ba6 32.d4 Be2 33.Ng5 Ba6 34.f3 
Bb7 35.Kh3 Ba6 36.Qe3 Qe7 37.Qf4 Bd3 38.g4 hxg4+ 39.fxg4 Be2 40.Kg3 Bd1 
41.Qc1 Ba4 42.Qc8 Bd1 43.Kf4 Ba4 44.Qa6 Be8 45.Qc8 Kh6 46.Qb8 Kg7 47.Qd6 
Qd7 48.h5 Qxd6 49.exd6 gxh5 50.gxh5 1-0

[Event "23rd EUR-ch"]
[Site "Vrnjacka Banja SRB"]
[Date "2023.03.04"]
[Round "2.164"]
[White "Jandric, Damjan"]
[Black "Adan Bermudez, Sergio"]
[Result "1-0"]
[WhiteElo "2104"]
[BlackElo "2338"]
[EventDate "2023.03.03"]
[PlyCount "65"]

1.e4 c5 2.Nc3 Nc6 3.Bb5 Nd4 4.Nf3 e6 5.O-O a6 6.Bd3 Ne7 7.Nxd4 cxd4 8.Ne2 
d5 9.exd5 Nxd5 10.c3 dxc3 11.dxc3 Bd6 12.c4 Nb4 13.Bb1 Qc7 14.h3 O-O 15.a3
Rd8 16.Qb3 Nc6 17.Be3 Na5 18.Qc2 f5 19.c5 Be7 20.Ba2 Kh8 21.Nf4 Nc6 22.
Rad1 Rxd1 23.Rxd1 Qe5 24.b4 g5 25.Ne2 Qg7 26.Nd4 f4 27.Nxc6 bxc6 28.Bc1 
Bf6 29.Bb2 e5 30.Bxe5 Bf5 31.Qxf5 Bxe5 32.Rd7 Rf8 33.Rxg7 1-0

[Event "23rd EUR-ch"]
[Site "Vrnjacka Banja SRB"]
[Date "2023.03.04"]
[Round "2.165"]
[White "Bazakutsa, Svyatoslav"]
[Black "Todev, Simeon"]
[Result "1-0"]
[WhiteElo "2335"]
[BlackElo "2119"]
[EventDate "2023.03.03"]
[PlyCount "73"]

1.c4 e5 2.g3 Nf6 3.Bg2 c6 4.Nf3 e4 5.Nd4 d5 6.cxd5 Qxd5 7.e3 Bc5 8.d3 Bxd4
9.exd4 Qxd4 10.dxe4 Qxd1+ 11.Kxd1 Be6 12.Nc3 Nbd7 13.b3 O-O-O 14.Ke2 Ne5 
15.Be3 Rd3 16.Na4 b6 17.h3 Rhd8 18.Rac1 Kb7 19.Nb2 R3d7 20.Rc3 Ng6 21.f4 
Nh5 22.Bc1 Re7 23.Kf2 Nf8 24.e5 g6 25.g4 Ng7 26.f5 gxf5 27.Bg5 Ng6 28.
Bxc6+ Kb8 29.Bf3 Red7 30.Bxd8 Rxd8 31.Nd3 Nh4 32.Be2 Rd4 33.a3 a5 34.b4 
axb4 35.Nxb4 Rf4+ 36.Kg3 Ng6 37.Rd1 1-0

[Event "23rd EUR-ch"]
[Site "Vrnjacka Banja SRB"]
[Date "2023.03.04"]
[Round "2.166"]
[White "Pogorelsky, Sofia"]
[Black "Yordanov, Lachezar"]
[Result "1-0"]
[WhiteElo "2102"]
[BlackElo "2335"]
[EventDate "2023.03.03"]
[PlyCount "105"]

1.e4 c5 2.Nf3 d6 3.d4 cxd4 4.Nxd4 Nf6 5.f3 e5 6.Nb3 Be6 7.c4 Nbd7 8.Be3 
Rc8 9.Nc3 Bxc4 10.Bxc4 Rxc4 11.Qd3 Rc6 12.g4 Be7 13.O-O-O O-O 14.Kb1 Ra6 
15.h4 Nb6 16.Rh2 Nfd7 17.Nb5 Nc8 18.g5 Rc6 19.Nc3 Ndb6 20.Na5 Rc7 21.Rhd2 
Rd7 22.Qb5 Kh8 23.f4 exf4 24.Bxf4 a6 25.Qf5 Qe8 26.h5 Bd8 27.Nb3 Nc4 28.
Rd4 Ne7 29.Qg4 b5 30.e5 Nc6 31.Re4 d5 32.Rxd5 Rxd5 33.Nxd5 Qe6 34.Ne3 Nxe3
35.Qxe6 fxe6 36.Bxe3 Rf5 37.Nd4 Rf1+ 38.Kc2 Nb4+ 39.Kb3 Be7 40.Bd2 Nd5 41.
Nxe6 Kg8 42.Nd4 Kf7 43.e6+ Ke8 44.Nc6 Rf2 45.Rd4 Rf3+ 46.Kc2 Ne3+ 47.Bxe3 
Rxe3 48.Nxe7 Kxe7 49.Rd7+ Kxe6 50.Rxg7 Re5 51.h6 Kd5 52.Rxh7 Rxg5 53.Rh8 
1-0

[Event "23rd EUR-ch"]
[Site "Vrnjacka Banja SRB"]
[Date "2023.03.04"]
[Round "2.167"]
[White "Burcu, Cagatay"]
[Black "Simonovic, Miroslav"]
[Result "1-0"]
[WhiteElo "2331"]
[BlackElo "2115"]
[EventDate "2023.03.03"]
[PlyCount "91"]

1.d4 Nf6 2.Nf3 c5 3.d5 b5 4.Bg5 Qb6 5.Bxf6 Qxf6 6.c3 Bb7 7.e4 b4 8.Qc2 Ba6
9.Be2 Bxe2 10.Qxe2 Qa6 11.c4 g6 12.O-O Bg7 13.e5 O-O 14.Nbd2 d6 15.e6 f5 
16.Nb3 Bf6 17.h4 h6 18.h5 g5 19.Qc2 Bg7 20.Nc1 Qc8 21.Ne2 f4 22.Kh2 Qe8 
23.Rh1 g4 24.Nh4 Qxh5 25.Kg1 Rf6 26.g3 fxg3 27.Nxg3 Qg5 28.Nhf5 Rf8 29.Rh5
Rxf5 30.Rxg5 Rxg5 31.Qa4 Na6 32.Qxa6 Bxb2 33.Rb1 Bd4 34.Qb7 Re8 35.Qd7 Kf8
36.Kg2 a5 37.Rh1 Bg7 38.Ne4 Rf5 39.Rh4 h5 40.Ng3 Rg5 41.Rxh5 Rxh5 42.Nxh5 
Be5 43.Ng3 b3 44.axb3 Bc3 45.Nf5 Be5 46.Nh4 1-0

[Event "23rd EUR-ch"]
[Site "Vrnjacka Banja SRB"]
[Date "2023.03.04"]
[Round "2.168"]
[White "Stanojevic, Ilija"]
[Black "Velikic, Adela"]
[Result "1-0"]
[WhiteElo "2096"]
[BlackElo "2329"]
[EventDate "2023.03.03"]
[PlyCount "50"]

1.d4 d5 2.c4 e6 3.Nf3 Nf6 4.Nc3 c6 5.Bg5 h6 6.Bh4 dxc4 7.e4 g5 8.Bg3 b5 9.
h4 g4 10.Ne5 Rg8 11.Be2 h5 12.O-O Bh6 13.d5 b4 14.Bxc4 bxc3 15.dxe6 fxe6 
16.Qxd8+ Kxd8 17.Nf7+ Ke7 18.Nxh6 Rg6 19.Bf4 Ba6 20.Bxa6 Nxa6 21.Rfe1 Kf8 
22.bxc3 Ne8 23.Rab1 Nc5 24.Red1 Rg7 25.Rb4 Re7 1-0

[Event "23rd EUR-ch"]
[Site "Vrnjacka Banja SRB"]
[Date "2023.03.04"]
[Round "2.169"]
[White "Yurtseven, Melih"]
[Black "Roebers, Jan"]
[Result "1-0"]
[WhiteElo "2327"]
[BlackElo "2113"]
[EventDate "2023.03.03"]
[PlyCount "69"]

1.d4 Nf6 2.Nf3 g6 3.Nc3 d5 4.Bf4 Bg7 5.Nb5 Na6 6.e3 c6 7.Nc3 Nb8 8.h3 O-O 
9.Be2 Qb6 10.Rb1 a5 11.O-O Nbd7 12.b3 Re8 13.Na4 Qd8 14.c4 e6 15.Nc3 h6 
16.Bh2 Bf8 17.Qc2 Nh7 18.e4 dxe4 19.Nxe4 Ndf6 20.Nc3 Ng5 21.Ne5 Qxd4 22.
Rbd1 Qc5 23.Na4 Qe7 24.h4 Ngh7 25.Bd3 h5 26.Nxf7 Qxf7 27.Bxg6 Qe7 28.Bd6 
Qxd6 29.Rxd6 Bxd6 30.Bxe8 Nxe8 31.Nb6 Rb8 32.Qg6+ Ng7 33.Rd1 Nf8 34.Qf6 
Bc7 35.Rd8 1-0

[Event "23rd EUR-ch"]
[Site "Vrnjacka Banja SRB"]
[Date "2023.03.04"]
[Round "2.170"]
[White "Pantic, Ivica"]
[Black "Ciorgovean, Iustin"]
[Result "0-1"]
[WhiteElo "2091"]
[BlackElo "2325"]
[EventDate "2023.03.03"]
[PlyCount "136"]

1.Nf3 Nf6 2.d4 g6 3.c4 Bg7 4.Nc3 O-O 5.e4 d6 6.h3 c6 7.d5 a5 8.Bd3 Na6 9.
Be3 Nd7 10.Rc1 Ndc5 11.Bb1 Bd7 12.O-O a4 13.Qd2 Qa5 14.Bh6 Qb4 15.Bxg7 
Kxg7 16.Qe2 e6 17.dxc6 Bxc6 18.Rfd1 Rad8 19.Nd4 a3 20.b3 e5 21.Nf3 Nc7 22.
Rd2 Rd7 23.Qe3 N7e6 24.Ne2 Rfd8 25.Ng3 f6 26.h4 Na6 27.Ne2 Qc5 28.Qc3 Nb4 
29.Ne1 b5 30.Qh3 Nc7 31.Nd3 Nxd3 32.Bxd3 b4 33.h5 Re7 34.Qh4 Ne6 35.Kh2 
Ree8 36.Ng3 Nf4 37.Qg4 Kf7 38.Bf1 Bd7 39.Qd1 Bc6 40.Kg1 Bb7 41.Be2 Ke7 42.
Bf3 Rg8 43.h6 Ne6 44.Rd5 Qa7 45.Rb5 Bc6 46.Rxb4 Qc5 47.Qe1 Nc7 48.Be2 Rc8 
49.Bg4 Na6 50.Bxc8 Nxb4 51.Bg4 Nd3 52.Qd2 Nxc1 53.Qxc1 Ra8 54.Qc3 Qd4 55.
Qxd4 exd4 56.Kf1 Rb8 57.Bd1 Ke6 58.Ke2 Ke5 59.f3 f5 60.exf5 gxf5 61.Kd3 
Rg8 62.Ne2 Be4+ 63.fxe4 fxe4+ 64.Kd2 Rxg2 65.Bc2 Rh2 66.b4 Rxh6 67.b5 Rg6 
68.b6 Rg7 0-1

[Event "23rd EUR-ch"]
[Site "Vrnjacka Banja SRB"]
[Date "2023.03.04"]
[Round "2.171"]
[White "Filip, Andrei"]
[Black "Veleski, Robert"]
[Result "1-0"]
[WhiteElo "2325"]
[BlackElo "2106"]
[EventDate "2023.03.03"]
[PlyCount "95"]

1.d4 Nf6 2.c4 e6 3.Nf3 Bb4+ 4.Bd2 a5 5.g3 b6 6.Bg2 Bb7 7.O-O O-O 8.Qc2 Be4
9.Qc1 Nc6 10.Be3 Ng4 11.Bf4 f5 12.Rd1 Rc8 13.Nc3 Bxc3 14.Qxc3 Qe8 15.Bf1 
Qh5 16.h3 Nf6 17.Nd2 Ne7 18.Nxe4 Nxe4 19.Qf3 Qf7 20.h4 h6 21.Bg2 g5 22.
hxg5 hxg5 23.Bd2 Ng6 24.Qh5 Nxd2 25.Rxd2 Qf6 26.e4 Kg7 27.exf5 exf5 28.Qf3
Rfe8 29.Rdd1 Re7 30.Qb7 Ree8 31.c5 f4 32.cxb6 fxg3 33.fxg3 Re2 34.Qf3 Qxf3
35.Bxf3 Rxb2 36.b7 Rb8 37.Rdb1 Rd2 38.Rb5 c6 39.Rxg5 Rxd4 40.Rb1 Kf6 41.
Rxa5 Ne5 42.Bh5 Rd3 43.Kf2 Rd2+ 44.Be2 d5 45.Ra8 Nd7 46.Ke3 Rc2 47.Bg4 Ne5
48.Rxb8 1-0